000 00603nam a2200217Ia 4500
003 OSt
005 20220928135623.0
006 a|||||r|||| 00| 0
007 ta
008 220927b |||||||| |||| 00| 0 eng d
024 _a3940
037 _cTextual
040 _aSDCL
_cSDCL
_beng
041 _2eng
_aeng
082 _aO-,1M601:g, L7
100 _aWilliams Ellen
_9492166
245 0 _aHarriet Monroe and the poetry renaissance
_b The first ten years of poetry, 1912-22
260 _c1977
942 _hO-,1M601:g, L7
_cTEXL
_2CC
999 _c807648
_d807648